LEADER 01008nam a2200217 i 4500 001 000000156506 003 CaOOAMICUS 005 20061206000000.0 008 061206s1943 it u000 u ita u 013 $a133861 040 $aSeMil$bita 100 1 $aAlighieri, Dante,$d<1265-1321>.$0(OLS)http://semarc/name/453 245 13$aLa Divina Commedia /$cDante Alighieri ; Nel testo critico della Societā Dantesca Italiana con 105 Tavole a colori di G. B. Galizzi. 260 $aNovara :$bIstituto Geografico De Agostini,$cstampa 1943. 300 $a414 p. :$bill. ;$c35 cm. 650 4$aAlighieri, Dante <1265-1321> . Divina Commedia.$0(OLS)http://semarc/subject/338 700 1 $aGalizzi, Giovanni Battista.$0(OLS)http://semarc/name/61146 850 $aSeMil 852 $aSeMil$W1$xVenegono$y1$m5I XII 27$j108269$B108269$CSeMilBibl$Z2$F117844 $8I 996 $6245$aLa Divina Commedia$9(OLS)http://semarc/title/45395 996 $6260$aNovara :$bIstituto Geografico De Agostini$9(OLS)http://semarc/publisher/31865 LEADER 01160nam a2200217 i 4500 001 000000132184 003 CaOOAMICUS 005 20041202000000.0 008 041202s1981 it u000 u ita u 013 $a105127 040 $aSeMil$bita 245 10$aOltre il testo :$bunitā e strutture nella conservazione e nel restauro dei libri e dei documenti /$ca cura di Rosaria Campioni. - stampa 1981 (Bologna : Compositori) 260 $a[S.l. :$bs.n.],$cstampa 1981$e(Bologna :$fCompositori ,$gstampa 1981) 300 $a239 p. :$bill. ;$c22 cm. 500 $aContiene : Appendici. - A pič del front. : Istituto per i Beni Culturali Naturali della regione Emilia Romagna. 650 4$aBeni culturali - Beni librari e documentari - Restauro.$0(OLS)http://semarc/subject/26022 700 1 $aCampioni, Rosaria.$0(OLS)http://semarc/name/54472 850 $aSeMil 852 $aSeMil$W1$xVenegono$y1$m3Y II 42$j259090$B86104$CSeMilBibl$Z2$F89859 $81 996 $6245$aOltre il testo :$bunitā e strutture nella conservazione e nel restauro dei libri e dei documenti$9(OLS)http://semarc/title/194232 996 $6260$a[S.l. :$bs.n.]$9(OLS)http://semarc/publisher/29751 LEADER 00779nam a2200193 i 4500 001 000000079939 003 CaOOAMICUS 005 20180130000000.0 008 180130s1865 it u000 u ita u 013 $a52177 040 $aSeMil$bita 100 1 $aBerchet, Guglielmo,$d<1833-1913>.$0(OLS)http://semarc/name/91328 245 13$aLa Repubblica di Venezia e la Persia /$cper Guglielmo Berchet. 260 $aTorino :$bG. B. Paravia e C.,$c1865. 300 $aXVII, 294 p., [5] c. di tav. :$bfacs. ;$c26 cm. 850 $aSeMil 852 $aSeMil$W1$xVenegono$y1$m3S IV 32 FA$j45551$B45551$CSeMilBibl$Z2$F47536 $8I 996 $6245$aLa Repubblica di Venezia e la Persia$9(OLS)http://semarc/title/403735 996 $6260$aTorino :$bG. B. Paravia e C.$9(OLS)http://semarc/publisher/56473